000 00976nam a22002297a 4500
003 NALT
005 20240701100648.0
008 240127b th ||||| |||| 00| j tha d
020 _a9749221672
040 _aNALT
090 _aSC
_bอ117ห 2550
100 0 _962652
_aองอาจ ชัยชาญชีพ
245 1 0 _aหัวแตงโม ซีกที่สอง หัวเปลี่ยนไป ใจเปลี่ยนแปลง /
_cองอาจ ชัยชาญชีพ.
250 _aพิมพ์ครั้งที่ 4.
260 _aกรุงเทพฯ :
_bอมรินทร์บุ๊คเซ็นเตอร์,
_c2550.
300 _a1 เล่ม :
_bภาพประกอบ ;
_c19 ซม.
490 0 _aการ์ตูนชุด หัวแตงโม.
650 4 _9460
_aเรื่องสั้น
850 _aNALT
942 _2local
_cSHT
996 _akornsiririn.r
_bCATSTF
_c2024-01-27
999 _c104268
_d104268
998 _j3099
_k พรวิทู โค้วคชาภรณ์